000 00491 a2200157 4500
020 _a8176567078
040 _aDLC
_bEnglish
082 _a005.73
100 _aYashavant Kanetkar
245 _aData Structure Through C++
_cKanetkar, Yashavant.
260 _aNew Delhi :
_bBPB Publications,
_c2003.
300 _aviii, 687 p.
_b:ill.
_c24 cm
_e + 1 CD-ROM
500 _aIncludes Index
650 _a.C++ (Computer program language)2.Data structures (Computer science
942 _cBK
_k005.73 KAN
_2ddc
999 _c4300
_d4300